Statystyki dla Miejscowości w powiecie raciborskim

Kliknij tutaj aby rozwiązać quiz!

Ogólne statystyki

  • Ten quiz został rozwiązany 33 razy
  • Średni wynik to 18 z 58

Statystyki odpowiedzi

Odpowiedź% Poprawnych
Racibórz
86%
Nędza
81%
Rudnik
62%
Babice
57%
Krzyżanowice
57%
Rudy
57%
Krzanowice
52%
Pietrowice Wielkie
52%
Kornowac
48%
Tworków
48%
Chałupki
43%
Łęg
43%
Szymocice
43%
Cyprzanów
38%
Owsiszcze
38%
Pogrzebień
38%
Bieńkowice
33%
Maków
33%
Pawłów
33%
Rudyszwałd
33%
Samborowice
33%
Turze
33%
Zawada Książęca
33%
Budziska
29%
Ciechowice
29%
Gamów
29%
Kornice
29%
Lekartów
29%
Roszków
29%
Siedliska
29%
Żerdziny
29%
Bolesław
24%
Borucin
24%
Górki Śląskie
24%
Jankowice
24%
Kobyla
24%
Łańce
24%
Pietraszyn
24%
Ruda Kozielska
24%
Rzuchów
24%
Bojanów
19%
Sławików
19%
Strzybnik
19%
Szonowice
19%
Wojnowice
19%
Zabełków
19%
Brzeźnica
14%
Grzegorzowice
14%
Krowiarki
14%
Modzurów
14%
Nowa Wioska
14%
Ponięcice
14%
Amandów
10%
Dolędzin
10%
Lasaki
10%
Gródczanki
5%
Orzeszków
5%
Łaniec
0%

Rozkład punktacji

Percentyl według liczby udzielonych odpowiedzi

Procent ludzi z każdym wynikiem

Twoja historia wyników

Nie rozwiązałeś tego quizu